| 000 | 00576nam a22001937a 4500 | ||
|---|---|---|---|
| 005 | 20250528162319.0 | ||
| 010 | _aENG-145010 | ||
| 020 |
_a9789390627028 _c600.00 |
||
| 035 | _aEN-128542 | ||
| 037 | _bDBAD | ||
| 082 |
_a649.1 _21 |
||
| 100 |
_aNandini N. _981418 |
||
| 245 |
_aEarly Childhood Care and Education/ _cNandini N. |
||
| 250 | _a1 | ||
| 260 |
_bKrishna Publication House _aGujarat _c2021 |
||
| 270 |
_aNo.303, YashKunj Apartment, Devbaug, Anantwadi, Bhavnagar _bGujarat _e364002 |
||
| 300 |
_a296p _c21cm (pb) |
||
| 942 |
_2ddc _cEN _h649.1 _mNNA |
||
| 999 |
_c211431 _d211431 |
||